SELF ASSESMENT AND REVIEW IN COMMUNITY MEDICINE (Record no. 505)

MARC details
000 -LEADER
fixed length control field 00380nam a2200145Ia 4500
008 - FIXED-LENGTH DATA ELEMENTS--GENERAL INFORMATION
fixed length control field 150201s2005 xx 000 0 und d
082 ## - DEWEY DECIMAL CLASSIFICATION NUMBER
Classification number 614
Item number S05P
100 ## - MAIN ENTRY--PERSONAL NAME
Personal name PUNDKAR,SHIVKUMAR R
245 ## - TITLE STATEMENT
Title SELF ASSESMENT AND REVIEW IN COMMUNITY MEDICINE
250 ## - EDITION STATEMENT
Edition statement 1ST
260 ## - PUBLICATION, DISTRIBUTION, ETC. (IMPRINT)
Name of publisher, distributor, etc. JAYPEE BROTHERS
Place of publication, distribution, etc. DELHI
Date of publication, distribution, etc. 2005
300 ## - PHYSICAL DESCRIPTION
Extent 1-7638
650 ## - SUBJECT ADDED ENTRY--TOPICAL TERM
Topical term or geographic name as entry element COMMUNITY MEDICINE
942 ## - ADDED ENTRY ELEMENTS (KOHA)
Source of classification or shelving scheme Dewey Decimal Classification
Koha item type Books
Koha issues (borrowed), all copies 3
Holdings
Withdrawn status Lost status Source of classification or shelving scheme Damaged status Not for loan Collection code Home library Current library Shelving location Date acquired Source of acquisition Cost, normal purchase price Serial Enumeration / chronology SGTU Bill Number Total Checkouts Full call number Barcode Date last seen Bill Date Koha item type Date last checked out
    Dewey Decimal Classification     MEDICAL SGT Medical Library SGT Medical Library Text Book 25/02/2010 U.B.S. DELHI 195.00 I SGTU 7638   614 S05P FM2376 09/02/2015 02/04/2011 Books  
    Dewey Decimal Classification     MEDICAL SGT Medical Library SGT Medical Library Text Book 25/02/2010 U.B.S. DELHI 195.00 I SGTU 7638 6 614 S05P FM2377 19/05/2025 02/04/2011 Books 05/05/2025
    Dewey Decimal Classification     MEDICAL SGT Medical Library SGT Medical Library Text Book 25/02/2010 U.B.S. DELHI 195.00 I SGTU 7638   614 S05P FM2378 09/02/2015 02/04/2011 Books